000 00666nam a2200229Ia 4500
003 OSt
005 20220926002519.0
006 a|||||r|||| 00| 0
007 ta
008 220923b |||||||| |||| 00| 0 eng d
037 _cGeneral Book
040 _aRTL
_cRTL
_beng
041 _2eng
_aeng
082 _aU254.95.N8, M6
100 _aRoonwal G S
_9305998
245 0 _aIndian ocean
_b exploitable mineral and petroleum re
260 _a New Delhi
_bNarosa Publishing India
_c1986
300 _axv,198p. Bib p. 176-94
_ccm.
650 _aOceanography
942 _hU254.95.N8, M6
_cGB
_2CC
999 _c605303
_d605303